Handbook of programming languages /
Guardado en:
| Otros Autores: | |
|---|---|
| Formato: | Libro |
| Idioma: | English |
| Publicado: |
Indianapolis, IN :
Macmillan Technical Pub.,
c1998.
|
| Edición: | 1st ed. |
| Materias: | |
| Etiquetas: |
Agregar Etiqueta
Sin Etiquetas, Sea el primero en etiquetar este registro!
|
| LEADER | 01133cam a2200289 a 4500 | ||
|---|---|---|---|
| 001 | DCC.dcic001036 | ||
| 008 | 971203s1998####inu######f####001#0#eng## | ||
| 005 | 20170803153433.0 | ||
| 245 | 0 | 0 | |a Handbook of programming languages / |c Peter H. Salus, series editor in chief. |
| 250 | |a 1st ed. | ||
| 260 | |a Indianapolis, IN : |b Macmillan Technical Pub., |c c1998. | ||
| 300 | |a 4 v. ; |c 24 cm. | ||
| 505 | 0 | |a [1]. Object-oriented programming languages -- [2]. Imperative programming languages -- [3]. Little languages and tools -- [4]. Functional and logic programming languages. | |
| 020 | |a 1578700086 (v. 1) | ||
| 020 | |a 1578700094 (v. 2) | ||
| 020 | |a 1578700108 (v. 3) | ||
| 020 | |a 1578700116 (v. 4) | ||
| 700 | 1 | |a Salus, Peter H. | |
| 082 | 0 | 0 | |a 005.13/3 |2 21 |
| 650 | 0 | |a Programming languages (Electronic computers) |v Handbooks, manuals, etc. | |
| 010 | |a 97081204 | ||
| 040 | |a DLC |c DLC | ||
| 050 | 0 | 0 | |a QA76.7 |b .H363 1998 |
| 859 | |a DCIC |b BIB. COMPUTACION |p 1771 |v 1 |3 Vol.1 | ||
| 859 | |a DCIC |b BIB. COMPUTACION |p 1770 |v 2 |3 Vol.2 | ||
| 859 | |a DCIC |b BIB. COMPUTACION |p 1772 |v 3 |3 Vol.3 | ||
| 859 | |a DCIC |b BIB. COMPUTACION |p 1773 |v 4 |3 Vol.4 | ||
